Click a Knight Quiz Stats

Quiz Updated Feb 6, 2018

Also try: Click Be A Lady
Challenge
Share
Tweet
Embed
Score 0/18 Timer 06:00
9 Plays Today
% Correct
The Dark Knight
96.1%
Keira Knightley
95.6%
A Knight's Tale
92.4%
Knight Rider
89.5%
Gladys Knight
88%
Scarlet Knights
80.4%
Marian McKnight
79.1%
Knights of Columbus
79.1%
The Hollywood Knights
69%
% Correct
Knights of Pythias
65.9%
Ted Knight
65.5%
Bob Knight
63.9%
Christopher Knight
63.5%
Knight Bachelor
63%
Wayne Knight
62.6%
Suge Knight
60.8%
Brian McKnight
57.6%
Phil Knight
55.5%

You're not logged in!

Compare scores with friends on all Sporcle quizzes.
Sign Up with Email
OR
Log In

You Might Also Like...

Show Comments

Extras

Top Quizzes Today


Score Distribution

Your Account Isn't Verified!

In order to create a playlist on Sporcle, you need to verify the email address you used during registration. Go to your Sporcle Settings to finish the process.